CHAIN GAME 3 letters - Statistics

General Stats
  • This quiz has been taken 29 times
  • The average score is 9 of 15
Answer Stats
Hint Answer % Correct
Feline Cat
89%
The highest point Top
89%
Sick Ill
86%
Unhappy Sad
79%
Mammals that LOVE mud Pig
75%
Things that come out your butt when you sit on the toilet Poo
68%
To achieve Get
64%
Uranus is a ___ giant Gas
57%
Things that make you move Leg
54%
Eight Oct
43%
Three Tri
43%
THERES a big ____ in the fence Gap
39%
To annoy Nag
39%
Where you put tuna Tin
39%
Bird species Tit
32%
No matching quizzes found
Score Distribution
Percent of People with Each Score
Percentile by Number Answered
Your Score History
You have not taken this quiz